Les villes sans Arène dans Pokémon - Statistiques

Statistiques générales
  • Ce quiz a été pris 30 fois
    17 depuis la dernière actualisation
  • Le résultat moyen est 34 sur 49
Statistiques - réponses
Région Villes sans Arène sans Pokémon % Correct
Hoenn Bourg-en-Vol
100%
Sinnoh Aire de Combat
92%
Sinnoh Aire de Détente
92%
Sinnoh Aire de Survie
92%
Sinnoh Bonaugure
92%
Johto Bourg Geon
92%
Kanto Bourg Palette
92%
Sinnoh Célestia
92%
Kanto Lavanville
92%
Sinnoh Littorella
92%
Hoenn Poivressel
92%
Hoenn Rosyères
92%
Johto Ville Griotte
92%
Sinnoh Bonville
83%
Unys Entrelasque
83%
Hoenn Eternara
83%
Sinnoh Féli-Cité
83%
Sinnoh Floraville
83%
Hoenn Nénucrique
83%
Unys Renouet
83%
Unys Amaillide
75%
Hoenn Autéquia
75%
Kalos Bourg Croquis
75%
Hoenn Pacifiville
75%
Unys Vaguelone
75%
Unys Arabelle
67%
Kalos Cromlach
67%
Unys Forêt Blanche
67%
Hoenn Vergazon
67%
Unys Ville Noire
67%
Unys Arpentières
58%
Kalos Fort Vanitas
58%
Galar Paddoxton
58%
Unys Pavonnay
58%
Kalos Quarellis
58%
Kalos Roche-sur-Gliffe
58%
Unys Rotombourg
58%
Galar Winscor
58%
Kalos Batisques
50%
Kalos La Frescale
50%
Kalos Mozheim
50%
Galar Brasswick
42%
Paldea Porto Marinada
42%
Couronneige Hameau Gelé
33%
Paldea Mesaledo
33%
Paldea Plato Real
33%
Septentria Jaderaude
25%
Paldea Cuchalaga
17%
Paldea Pinchoria
17%
Aucun quiz correspondant
Distribution des résultats
% des personnes avec chaque résultat
Percentile par nombre de réponses
Votre historique - résultats
Vous n’avez pas pris ce quiz depuis la dernière actualisation